[Event "Aarhus-A"]
[Site "Aarhus"]
[Date "1996.??.??"]
[Round "2"]
[White "Fries Nielsen, Jens Ove"]
[Black "Rewitz, Poul"]
[Result "1/2-1/2"]
[WhiteElo "2420"]
[BlackElo "2305"]
[PlyCount "51"]
[EventDate "1996.??.??"]
[EventType "tourn"]
[EventRounds "7"]
[EventCountry "DEN"]
[EventCategory "3"]
[SourceTitle "EXT 1998"]
[Source "ChessBase"]
[SourceDate "1997.11.17"]

1. d4 d5 2. Nf3 Nc6 3. e3 Bg4 4. c4 e6 5. Nbd2 Bb4 6. Be2 Nf6 7. O-O O-O 8. a3
Bxd2 9. Bxd2 Re8 10. Rc1 a6 11. Bc3 Ne4 12. h3 Bh5 13. Nd2 Bxe2 14. Qxe2 Nxd2
15. Bxd2 Qd7 16. Rfd1 Ne7 17. Bc3 Rac8 18. e4 c6 19. Bb4 dxe4 20. Qxe4 Ng6 21.
b3 Qc7 22. Bd2 Qb6 23. b4 Qd8 24. Be3 h6 25. Qf3 Ne7 26. a4 1/2-1/2

[Event "Aarhus-A"]
[Site "Aarhus"]
[Date "1996.??.??"]
[Round "7"]
[White "Fries Nielsen, Jens Ove"]
[Black "Pedersen, Jan"]
[Result "1/2-1/2"]
[WhiteElo "2420"]
[BlackElo "2335"]
[PlyCount "27"]
[EventDate "1996.??.??"]
[EventType "tourn"]
[EventRounds "7"]
[EventCountry "DEN"]
[EventCategory "3"]
[SourceTitle "EXT 1998"]
[Source "ChessBase"]
[SourceDate "1997.11.17"]

1. Nf3 Nf6 2. d4 g6 3. g3 Bg7 4. Bg2 O-O 5. O-O d6 6. Nc3 d5 7. Re1 c6 8. e4
dxe4 9. Nxe4 Nxe4 10. Rxe4 Bf5 11. Re1 Re8 12. h3 Nd7 13. c3 Qb6 14. Qb3
1/2-1/2

[Event "Aarhus-A"]
[Site "Aarhus"]
[Date "1996.??.??"]
[Round "5"]
[White "Fries Nielsen, Jens Ove"]
[Black "Ochsner, Thomas"]
[Result "1-0"]
[WhiteElo "2420"]
[BlackElo "2300"]
[PlyCount "111"]
[EventDate "1996.??.??"]
[EventType "tourn"]
[EventRounds "7"]
[EventCountry "DEN"]
[EventCategory "3"]
[SourceTitle "EXT 1998"]
[Source "ChessBase"]
[SourceDate "1997.11.17"]

1. Nf3 Nf6 2. d4 e6 3. e3 b6 4. Bd3 Bb7 5. O-O Be7 6. b3 O-O 7. Bb2 c5 8. Nbd2
Nc6 9. a3 Rc8 10. dxc5 bxc5 11. c4 Qc7 12. Qc2 h6 13. h3 d6 14. Rad1 Nd7 15.
Rfe1 f5 16. Nb1 a6 17. Bf1 Rf7 18. Nc3 Rcf8 19. Ne2 g5 20. b4 Nde5 21. Nxe5
Nxe5 22. f4 Ng6 23. b5 e5 24. bxa6 Be4 25. Qd2 gxf4 26. exf4 Rg7 27. fxe5 dxe5
28. Qxh6 Nh4 29. Nf4 Nf3+ 30. Kh1 Rf6 31. Qxg7+ Kxg7 32. gxf3 exf4 33. fxe4 Kf7
34. Bxf6 Bxf6 35. e5 Be7 36. Bg2 Qa5 37. Rf1 Qxa6 38. Rxf4 Kg6 39. Rd3 Qe6 40.
Rd5 Qa6 41. Rd3 Qe6 42. Rg3+ Kh6 43. Rgf3 Bg5 44. Rxf5 Qxc4 45. h4 Be3 46. Kh2
Qd4 47. Kh3 Qd7 48. Kg3 Qg7+ 49. Kh2 Bd4 50. Rf6+ Kh5 51. R3f5+ Kxh4 52. Rf4+
Kg5 53. R6f5+ Kh6 54. Rh4+ Kg6 55. Be4 Qe7 56. Rfh5+ 1-0

[Event "Aarhus-A"]
[Site "Aarhus"]
[Date "1996.??.??"]
[Round "6"]
[White "Jensen, Vagn"]
[Black "Rewitz, Poul"]
[Result "0-1"]
[WhiteElo "2295"]
[BlackElo "2305"]
[PlyCount "56"]
[EventDate "1996.??.??"]
[EventType "tourn"]
[EventRounds "7"]
[EventCountry "DEN"]
[EventCategory "3"]
[SourceTitle "EXT 1998"]
[Source "ChessBase"]
[SourceDate "1997.11.17"]

1. e4 g6 2. d4 Bg7 3. Nc3 c6 4. Nf3 d5 5. h3 Nf6 6. e5 Ne4 7. Nxe4 dxe4 8. Ng5
c5 9. d5 Bxe5 10. Nxe4 O-O 11. c3 Qc7 12. Bh6 Rd8 13. Qf3 Bf5 14. g4 Bxe4 15.
Qxe4 Nd7 16. f4 Bf6 17. O-O-O Qa5 18. g5 Bh8 19. d6 e6 20. Bc4 Re8 21. Rhf1 b5
22. f5 bxc4 23. fxg6 fxg6 24. Qf4 Ne5 25. Rfe1 Qxa2 26. d7 Reb8 27. d8=Q+ Rxd8
28. Rxd8+ Rxd8 0-1

[Event "Aarhus-A"]
[Site "Aarhus"]
[Date "1996.??.??"]
[Round "3"]
[White "Jensen, Vagn"]
[Black "Pedersen, Nicolai Vesterbaek"]
[Result "1/2-1/2"]
[WhiteElo "2295"]
[BlackElo "2290"]
[PlyCount "127"]
[EventDate "1996.??.??"]
[EventType "tourn"]
[EventRounds "7"]
[EventCountry "DEN"]
[EventCategory "3"]
[SourceTitle "EXT 1998"]
[Source "ChessBase"]
[SourceDate "1997.11.17"]

1. e4 e5 2. d4 exd4 3. Qxd4 Nc6 4. Qa4 Nf6 5. Bb5 Bc5 6. Nf3 d6 7. O-O Bd7 8.
Nc3 a6 9. Bxc6 Bxc6 10. Qc4 b5 11. Qd3 b4 12. Nd5 Bb5 13. c4 bxc3 14. Qxc3 O-O
15. Re1 Re8 16. Bg5 Nxd5 17. exd5 Qd7 18. Be3 Bxe3 19. fxe3 Rac8 20. Qd4 c5 21.
Qf4 f5 22. e4 fxe4 23. Ng5 Bd3 24. Nxe4 Qe7 25. Re3 Bxe4 26. Rae1 Qf6 27. Qxf6
gxf6 28. Rxe4 Re5 29. Rxe5 dxe5 30. g4 Kf7 31. Kf2 Ke7 32. Ke3 Rb8 33. b3 Rb4
34. h3 Rd4 35. Rf1 Rxd5 36. Rf5 Kf7 37. g5 Rd6 38. gxf6 Rxf6 39. Rxe5 Rh6 40.
Rxc5 Rxh3+ 41. Kd4 Rh2 42. Ra5 Rh6 43. b4 Rb6 44. Kc5 Rf6 45. Kc4 Kg6 46. b5
axb5+ 47. Rxb5 h5 48. Kc3 h4 49. Rb2 Kg5 50. Rg2+ Kh5 51. Kb4 h3 52. Rh2 Kg4
53. a4 Kg3 54. Rxh3+ Kxh3 55. Kb5 Kg4 56. a5 Kf4 57. a6 Ke5 58. a7 Rf8 59. Kb6
Kd4 60. Kb7 Rf7+ 61. Kb8 Kc5 62. a8=Q Rf8+ 63. Kb7 Rxa8 64. Kxa8 1/2-1/2

[Event "Aarhus-A"]
[Site "Aarhus"]
[Date "1996.??.??"]
[Round "1"]
[White "Jensen, Vagn"]
[Black "Fries Nielsen, Jens Ove"]
[Result "0-1"]
[WhiteElo "2295"]
[BlackElo "2420"]
[PlyCount "64"]
[EventDate "1996.??.??"]
[EventType "tourn"]
[EventRounds "7"]
[EventCountry "DEN"]
[EventCategory "3"]
[SourceTitle "EXT 1998"]
[Source "ChessBase"]
[SourceDate "1997.11.17"]

1. e4 e6 2. d4 d5 3. Nd2 Nf6 4. e5 Nfd7 5. Bd3 c5 6. c3 b6 7. Ne2 Ba6 8. Nf3
Bxd3 9. Qxd3 Be7 10. Nf4 Nc6 11. O-O c4 12. Qe2 b5 13. h4 g6 14. Ng5 Bxg5 15.
hxg5 Nb6 16. Be3 Qe7 17. g3 b4 18. Qc2 Rb8 19. Bc1 a5 20. Ng2 a4 21. Ne3 a3 22.
Ng4 axb2 23. Bxb2 Qxg5 24. Nf6+ Kd8 25. g4 Nd7 26. f4 Qh4 27. Qg2 Nxf6 28. exf6
Qxf6 29. f5 gxf5 30. gxf5 Kd7 31. fxe6+ Qxe6 32. Rae1 Rhg8 0-1

[Event "Aarhus-A"]
[Site "Aarhus"]
[Date "1996.??.??"]
[Round "4"]
[White "Ochsner, Thomas"]
[Black "Pedersen, Daniel Vesterbaek"]
[Result "0-1"]
[WhiteElo "2300"]
[BlackElo "2250"]
[PlyCount "80"]
[EventDate "1996.??.??"]
[EventType "tourn"]
[EventRounds "7"]
[EventCountry "DEN"]
[EventCategory "3"]
[SourceTitle "EXT 1998"]
[Source "ChessBase"]
[SourceDate "1997.11.17"]

1. e4 e5 2. Nf3 Nc6 3. Bb5 a6 4. Ba4 Nf6 5. O-O Be7 6. Re1 b5 7. Bb3 O-O 8. a4
Bb7 9. d3 d6 10. c3 Na5 11. Ba2 c5 12. Na3 Qd7 13. axb5 axb5 14. Bg5 h6 15. Bh4
Rfc8 16. b4 cxb4 17. cxb4 Nc6 18. Qb3 Nd8 19. Nc2 Ra4 20. Qb2 Nh5 21. Bb3 Rxa1
22. Nxa1 Nf4 23. Qd2 Nxg2 24. Kxg2 Bxh4 25. Nxh4 Qg4+ 26. Kh1 Qxh4 27. Nc2 Ne6
28. Rg1 Qf4 29. Ne3 Qf3+ 30. Rg2 Nd4 31. Bd1 Qf4 32. Rg4 Qf6 33. Rg3 Kh8 34.
Kg2 Ra8 35. Qc3 Qd8 36. Kf1 Ra2 37. Nc2 Ne6 38. Qb3 Qa8 39. Bh5 Nf4 40. Bxf7
Rxc2 0-1

[Event "Aarhus-A"]
[Site "Aarhus"]
[Date "1996.??.??"]
[Round "7"]
[White "Ochsner, Thomas"]
[Black "Pedersen, Nicolai Vesterbaek"]
[Result "1/2-1/2"]
[WhiteElo "2300"]
[BlackElo "2290"]
[PlyCount "55"]
[EventDate "1996.??.??"]
[EventType "tourn"]
[EventRounds "7"]
[EventCountry "DEN"]
[EventCategory "3"]
[SourceTitle "EXT 1998"]
[Source "ChessBase"]
[SourceDate "1997.11.17"]

1. e4 e5 2. Nf3 Nc6 3. Bb5 a6 4. Ba4 Nf6 5. O-O Be7 6. Re1 b5 7. Bb3 O-O 8. a4
Bb7 9. d3 d6 10. c3 Na5 11. Ba2 c5 12. Na3 Qd7 13. axb5 axb5 14. Bd2 h6 15. b4
cxb4 16. cxb4 Nc6 17. Nxb5 Nxb4 18. Bxb4 Qxb5 19. Bc4 Qxb4 20. Rb1 Qc5 21. Rxb7
Ra7 22. Rxa7 Qxa7 23. Nh4 Kh7 24. Nf5 g6 25. Nxe7 Qxe7 26. Qb3 Qc7 27. Rb1 Nd7
28. g3 1/2-1/2

[Event "Aarhus-A"]
[Site "Aarhus"]
[Date "1996.??.??"]
[Round "2"]
[White "Ochsner, Thomas"]
[Black "Jensen, Vagn"]
[Result "1/2-1/2"]
[WhiteElo "2300"]
[BlackElo "2295"]
[PlyCount "59"]
[EventDate "1996.??.??"]
[EventType "tourn"]
[EventRounds "7"]
[EventCountry "DEN"]
[EventCategory "3"]
[SourceTitle "EXT 1998"]
[Source "ChessBase"]
[SourceDate "1997.11.17"]

1. e4 c5 2. c3 d5 3. exd5 Qxd5 4. d4 Nc6 5. Nf3 cxd4 6. cxd4 e5 7. Nc3 Bb4 8.
Be2 Nxd4 9. Bd2 Bxc3 10. Bxc3 Nxf3+ 11. Bxf3 Qxd1+ 12. Rxd1 f6 13. Ba5 Bd7 14.
Bxb7 Rb8 15. Bd5 Rxb2 16. Bb3 Ne7 17. Bc3 Rxb3 18. axb3 Bb5 19. f3 Kf7 20. Kf2
Ke6 21. Rhe1 Nd5 22. Bd2 g5 23. h4 h6 24. Rh1 Rg8 25. Rc1 a6 26. Rc5 Rd8 27.
Ba5 Rg8 28. g3 Ne7 29. Rc7 g4 30. Re1 1/2-1/2

[Event "Aarhus-A"]
[Site "Aarhus"]
[Date "1996.??.??"]
[Round "3"]
[White "Pedersen, Daniel Vesterbaek"]
[Black "Fries Nielsen, Jens Ove"]
[Result "1/2-1/2"]
[WhiteElo "2250"]
[BlackElo "2420"]
[PlyCount "51"]
[EventDate "1996.??.??"]
[EventType "tourn"]
[EventRounds "7"]
[EventCountry "DEN"]
[EventCategory "3"]
[SourceTitle "EXT 1998"]
[Source "ChessBase"]
[SourceDate "1997.11.17"]

1. e4 e6 2. d4 d5 3. Nc3 Nf6 4. Bg5 Bb4 5. e5 h6 6. Bd2 Bxc3 7. bxc3 Ne4 8. Qg4
g6 9. Bd3 Nxd2 10. Kxd2 c5 11. Nf3 Nc6 12. Qf4 Qa5 13. Rhb1 c4 14. Be2 Qa3 15.
h4 Qe7 16. h5 g5 17. Qe3 b6 18. Nh2 Bb7 19. Ng4 O-O-O 20. a4 Rdg8 21. Nf6 Rg7
22. Bg4 Na5 23. g3 Bc6 24. f4 Kb8 25. Qe1 Nb7 26. Bf3 1/2-1/2

[Event "Aarhus-A"]
[Site "Aarhus"]
[Date "1996.??.??"]
[Round "5"]
[White "Pedersen, Daniel Vesterbaek"]
[Black "Pedersen, Nicolai Vesterbaek"]
[Result "0-1"]
[WhiteElo "2250"]
[BlackElo "2290"]
[PlyCount "50"]
[EventDate "1996.??.??"]
[EventType "tourn"]
[EventRounds "7"]
[EventCountry "DEN"]
[EventCategory "3"]
[SourceTitle "EXT 1998"]
[Source "ChessBase"]
[SourceDate "1997.11.17"]

1. e4 e6 2. d4 d5 3. e5 c5 4. c3 Qb6 5. Nf3 Nc6 6. Be2 cxd4 7. cxd4 Nh6 8. b3
Nf5 9. Bb2 Be7 10. O-O Bd7 11. Qd2 O-O 12. Rd1 f6 13. g4 Bb4 14. Qc1 Nfxd4 15.
Nxd4 fxe5 16. Nf3 e4 17. Nd4 e5 18. Nf5 Bxf5 19. gxf5 Rxf5 20. Kh1 Rxf2 21. Bf1
Nd4 22. Bc3 Rc2 23. Qe3 Nf3 24. Rd2 Qxe3 25. Rxc2 Qg1# 0-1

[Event "Aarhus-A"]
[Site "Aarhus"]
[Date "1996.??.??"]
[Round "6"]
[White "Pedersen, Jan"]
[Black "Pedersen, Daniel Vesterbaek"]
[Result "0-1"]
[WhiteElo "2335"]
[BlackElo "2250"]
[PlyCount "59"]
[EventDate "1996.??.??"]
[EventType "tourn"]
[EventRounds "7"]
[EventCountry "DEN"]
[EventCategory "3"]
[SourceTitle "EXT 1998"]
[Source "ChessBase"]
[SourceDate "1997.11.17"]

1. e4 e5 2. Nf3 Nc6 3. Bb5 a6 4. Ba4 Nf6 5. O-O Be7 6. Re1 b5 7. Bb3 O-O 8. d3
Bb7 9. Nc3 d6 10. a3 Re8 11. h3 h6 12. Ba2 Bf8 13. b4 Qd7 14. Bb2 g6 15. Nd5
Nxd5 16. Bxd5 Rab8 17. c4 Bc8 18. cxb5 axb5 19. Rc1 Ne7 20. Ba2 Bg7 21. Qb3 Rf8
22. d4 exd4 23. Bxd4 Bxd4 24. Nxd4 Bb7 25. Qe3 Kh7 26. Qc3 Rbc8 27. Qd3 Nc6 28.
Qxb5 Ne5 29. Qxb7 Nd3 30. Qc6 0-1

[Event "Aarhus-A"]
[Site "Aarhus"]
[Date "1996.??.??"]
[Round "1"]
[White "Pedersen, Jan"]
[Black "Ochsner, Thomas"]
[Result "0-1"]
[WhiteElo "2335"]
[BlackElo "2300"]
[PlyCount "59"]
[EventDate "1996.??.??"]
[EventType "tourn"]
[EventRounds "7"]
[EventCountry "DEN"]
[EventCategory "3"]
[SourceTitle "EXT 1998"]
[Source "ChessBase"]
[SourceDate "1997.11.17"]

1. e4 e5 2. Nc3 Nf6 3. g3 Bb4 4. Bg2 O-O 5. Nge2 c6 6. O-O d5 7. exd5 cxd5 8.
d4 exd4 9. Nb5 Nc6 10. Nbxd4 Re8 11. h3 Ne4 12. c3 Bc5 13. Be3 Bb6 14. Re1 Ne5
15. Nf4 Nc4 16. Bc1 h6 17. Qf3 Bxd4 18. cxd4 Bf5 19. b3 Nb6 20. Nd3 Bh7 21. Nc5
Nxc5 22. Rxe8+ Qxe8 23. dxc5 Qe5 24. Bb2 Qxb2 25. Rd1 Be4 26. Qh5 Nd7 27. Bxe4
Nf6 28. Bh7+ Kxh7 29. Qxf7 Re8 30. Rxd5 0-1

[Event "Aarhus-A"]
[Site "Aarhus"]
[Date "1996.??.??"]
[Round "4"]
[White "Pedersen, Jan"]
[Black "Jensen, Vagn"]
[Result "1-0"]
[WhiteElo "2335"]
[BlackElo "2295"]
[PlyCount "83"]
[EventDate "1996.??.??"]
[EventType "tourn"]
[EventRounds "7"]
[EventCountry "DEN"]
[EventCategory "3"]
[SourceTitle "EXT 1998"]
[Source "ChessBase"]
[SourceDate "1997.11.17"]

1. e4 e5 2. Nc3 Nf6 3. g3 Bc5 4. Bg2 d6 5. Na4 Nc6 6. Nxc5 dxc5 7. Ne2 O-O 8.
O-O Re8 9. b3 Be6 10. d3 h6 11. h3 Qd6 12. f4 Rad8 13. Be3 Bc8 14. Qe1 Nd4 15.
Nxd4 cxd4 16. Bd2 c5 17. a4 b6 18. Qf2 Nd7 19. h4 Bb7 20. Bh3 f6 21. Qf3 Nf8
22. Qh5 Bc6 23. Rf2 a6 24. Bf5 Re7 25. Qg4 Kh8 26. h5 Bd7 27. fxe5 fxe5 28.
Raf1 Nh7 29. Qh4 Rf8 30. Qg4 Ref7 31. Bxd7 Rxf2 32. Rxf2 Rxf2 33. Kxf2 Nf6 34.
Qe6 Qxd7 35. Qxd7 Nxd7 36. Kf3 Nf6 37. g4 Kg8 38. g5 hxg5 39. Bxg5 Kf7 40. Bxf6
Kxf6 41. Kg4 b5 42. a5 1-0

[Event "Aarhus-A"]
[Site "Aarhus"]
[Date "1996.??.??"]
[Round "2"]
[White "Pedersen, Nicolai Vesterbaek"]
[Black "Pedersen, Jan"]
[Result "0-1"]
[WhiteElo "2290"]
[BlackElo "2335"]
[PlyCount "79"]
[EventDate "1996.??.??"]
[EventType "tourn"]
[EventRounds "7"]
[EventCountry "DEN"]
[EventCategory "3"]
[SourceTitle "EXT 1998"]
[Source "ChessBase"]
[SourceDate "1997.11.17"]

1. e4 e6 2. d4 d5 3. Nc3 Bb4 4. a3 Bxc3+ 5. bxc3 dxe4 6. Qg4 Qf6 7. Qxe4 Qg6 8.
Qf3 Qxc2 9. Bd2 Qb2 10. Rc1 Nf6 11. Bd3 O-O 12. Qg3 b6 13. Nf3 Ba6 14. c4 Bb7
15. Rb1 Qxa3 16. Ng5 Qe7 17. Qh4 h6 18. Nh7 Re8 19. Bxh6 Ne4 20. Bg5 Nxg5 21.
Nxg5 Qf6 22. Bh7+ Kf8 23. Be4 Bxe4 24. Qxe4 Qf5 25. Qxf5 exf5+ 26. Kd2 Nc6 27.
d5 Ne5 28. Kc3 Nd7 29. Rhd1 Re2 30. Rd2 Rae8 31. Rbb2 Rxd2 32. Rxd2 Nc5 33. Ra2
a5 34. Kd4 Re1 35. Nf3 Re4+ 36. Kc3 g6 37. Nd4 Ke7 38. Nb5 Kd7 39. Rd2 Rh4 40.
f3 0-1

[Event "Aarhus-A"]
[Site "Aarhus"]
[Date "1996.??.??"]
[Round "6"]
[White "Pedersen, Nicolai Vesterbaek"]
[Black "Fries Nielsen, Jens Ove"]
[Result "1/2-1/2"]
[WhiteElo "2290"]
[BlackElo "2420"]
[PlyCount "82"]
[EventDate "1996.??.??"]
[EventType "tourn"]
[EventRounds "7"]
[EventCountry "DEN"]
[EventCategory "3"]
[SourceTitle "EXT 1998"]
[Source "ChessBase"]
[SourceDate "1997.11.17"]

1. e4 c5 2. c3 Nf6 3. e5 Nd5 4. d4 cxd4 5. Nf3 Nc6 6. Bc4 Nb6 7. Bb3 g6 8. Ng5
d5 9. exd6 e6 10. Qf3 Ne5 11. Qg3 Bg7 12. O-O Nc6 13. Rd1 Be5 14. Bf4 Qxd6 15.
Ne4 Qc7 16. Nf6+ Ke7 17. Qg5 Bxf4 18. Nd5+ Kf8 19. Nxf4 Qe5 20. Qxe5 Nxe5 21.
Rxd4 Bd7 22. Na3 Ke7 23. Re1 Nc6 24. Rdd1 Na5 25. Nd5+ Nxd5 26. Bxd5 Rhd8 27.
f4 Rac8 28. Kf2 b6 29. Bf3 Ba4 30. Rxd8 Rxd8 31. b3 Be8 32. Rd1 Rc8 33. Rd3 h6
34. Ke3 g5 35. g3 Bd7 36. Nc2 Nc6 37. Nd4 Nxd4 38. Kxd4 gxf4 39. gxf4 Rg8 40.
Rd1 f6 41. Ke3 Rc8 1/2-1/2

[Event "Aarhus-A"]
[Site "Aarhus"]
[Date "1996.??.??"]
[Round "1"]
[White "Pedersen, Nicolai Vesterbaek"]
[Black "Sorensen, Jan"]
[Result "0-1"]
[WhiteElo "2290"]
[BlackElo "2390"]
[PlyCount "108"]
[EventDate "1996.??.??"]
[EventType "tourn"]
[EventRounds "7"]
[EventCountry "DEN"]
[EventCategory "3"]
[SourceTitle "EXT 1998"]
[Source "ChessBase"]
[SourceDate "1997.11.17"]

1. e4 e6 2. d4 d5 3. Nc3 Bb4 4. e5 Ne7 5. Bd2 Bxc3 6. Bxc3 b6 7. Qg4 O-O 8. Nf3
Ba6 9. Bxa6 Nxa6 10. h4 c5 11. h5 h6 12. O-O-O Rc8 13. Bd2 Kh7 14. Qf4 Qc7 15.
Kb1 cxd4 16. Nxd4 Nc6 17. Nxc6 Qxc6 18. c3 Qb5 19. g4 Qd3+ 20. Ka1 Rc4 21. Qh2
Qc2 22. Be3 Rxg4 23. Rdg1 Rxg1+ 24. Rxg1 Qf5 25. Qh4 Rg8 26. Qe7 Nc5 27. Qxa7
Nd3 28. Bd4 Qxh5 29. Qc7 Qe2 30. Qxb6 Ne1 31. a3 Ra8 32. Ka2 Nf3 33. Rg3 Nd2
34. Qb4 Nc4 35. Qb3 Rxa3+ 36. Qxa3 Nxa3 37. Kxa3 Qa6+ 38. Kb3 Qc4+ 39. Ka3 Qa6+
40. Kb3 Qb5+ 41. Ka3 Qa5+ 42. Kb3 g5 43. f4 Qb5+ 44. Ka3 Qa6+ 45. Kb3 Qe2 46.
fxg5 h5 47. Rg1 h4 48. Rh1 Qg4 49. Kb4 h3 50. Kc5 Qg2 51. Rg1 Qxb2 52. g6+ fxg6
53. c4 h2 54. Re1 Qg2 0-1

[Event "Aarhus-A"]
[Site "Aarhus"]
[Date "1996.??.??"]
[Round "4"]
[White "Pedersen, Nicolai Vesterbaek"]
[Black "Rewitz, Poul"]
[Result "1-0"]
[WhiteElo "2290"]
[BlackElo "2305"]
[PlyCount "87"]
[EventDate "1996.??.??"]
[EventType "tourn"]
[EventRounds "7"]
[EventCountry "DEN"]
[EventCategory "3"]
[SourceTitle "EXT 1998"]
[Source "ChessBase"]
[SourceDate "1997.11.17"]

1. e4 d5 2. exd5 Nf6 3. d4 Bg4 4. f3 Bf5 5. Bb5+ c6 6. dxc6 Qa5+ 7. Nc3 Nxc6 8.
Bd2 O-O-O 9. a4 Qc7 10. Bxc6 bxc6 11. f4 Rxd4 12. Nf3 Rd8 13. Ne5 e6 14. Qe2
Kb7 15. g4 Bg6 16. h4 Bb4 17. O-O-O Rd4 18. h5 Be4 19. Nxe4 Rxe4 20. Qf3 Qa5
21. c3 Bc5 22. g5 Qxa4 23. gxf6 gxf6 24. Nd3 Bb6 25. f5 Rd8 26. Kb1 Rd5 27. Nb4
Rde5 28. Bf4 exf5 29. Bxe5 fxe5 30. Qxf5 Rf4 31. Qd7+ Bc7 32. Qd3 a5 33. Qc2
Qb5 34. Nd3 Re4 35. Nc5+ Qxc5 36. Qxe4 a4 37. Qxa4 e4 38. Qxe4 f5 39. Qf3 f4
40. Rhf1 Qf5+ 41. Qd3 Qxh5 42. Qe4 f3 43. Qxf3 Qg6+ 44. Qf5 1-0

[Event "Aarhus-A"]
[Site "Aarhus"]
[Date "1996.??.??"]
[Round "7"]
[White "Rewitz, Poul"]
[Black "Sorensen, Jan"]
[Result "1/2-1/2"]
[WhiteElo "2305"]
[BlackElo "2390"]
[PlyCount "76"]
[EventDate "1996.??.??"]
[EventType "tourn"]
[EventRounds "7"]
[EventCountry "DEN"]
[EventCategory "3"]
[SourceTitle "EXT 1998"]
[Source "ChessBase"]
[SourceDate "1997.11.17"]

1. e4 e6 2. d4 d5 3. Nc3 Bb4 4. Bd3 dxe4 5. Bxe4 Nf6 6. Bf3 c5 7. a3 Bxc3+ 8.
bxc3 Nc6 9. Ne2 e5 10. Bg5 exd4 11. cxd4 h6 12. Bxc6+ bxc6 13. Bxf6 Qxf6 14.
dxc5 O-O 15. O-O Ba6 16. Re1 Rad8 17. Qc1 Bxe2 18. Rxe2 Qc3 19. Qe1 Qxc5 20.
Qb4 Rd5 21. g3 Rfd8 22. Kg2 a5 23. Qxc5 Rxc5 24. Rb1 Rd7 25. h4 h5 26. Rb8+ Kh7
27. Ra8 Rd4 28. Re3 Rd2 29. Ra7 Kg6 30. Rf3 f6 31. c3 Ra2 32. c4 Rc2 33. Rf4
Rc3 34. a4 Rc2 35. Kg1 Rc1+ 36. Kg2 Rc2 37. Kg1 Rc1+ 38. Kg2 Rc2 1/2-1/2

[Event "Aarhus-A"]
[Site "Aarhus"]
[Date "1996.??.??"]
[Round "1"]
[White "Rewitz, Poul"]
[Black "Pedersen, Daniel Vesterbaek"]
[Result "0-1"]
[WhiteElo "2305"]
[BlackElo "2250"]
[PlyCount "80"]
[EventDate "1996.??.??"]
[EventType "tourn"]
[EventRounds "7"]
[EventCountry "DEN"]
[EventCategory "3"]
[SourceTitle "EXT 1998"]
[Source "ChessBase"]
[SourceDate "1997.11.17"]

1. g3 d5 2. Bg2 c6 3. c3 Nf6 4. Nf3 Bg4 5. Ne5 Bf5 6. d4 Nbd7 7. Bf4 Nxe5 8.
Bxe5 e6 9. Nd2 Ng4 10. Bf4 g5 11. Be3 Bd6 12. Nf1 h5 13. Bd2 Qf6 14. f3 Nh6 15.
e4 dxe4 16. fxe4 Bg4 17. Qc1 Be7 18. h3 Bf3 19. Bxg5 Qg6 20. Bxf3 Bxg5 21. Qc2
h4 22. g4 O-O-O 23. Qf2 e5 24. d5 cxd5 25. Qxa7 Qf6 26. Qf2 d4 27. cxd4 Rxd4
28. Ne3 Qa6 29. Nd5 Bd2+ 30. Qxd2 Rxd2 31. Kxd2 Rd8 32. Rhc1+ Kb8 33. a4 Ng8
34. b4 Nf6 35. Ke1 Nxd5 36. exd5 Qd3 37. Be2 Qg3+ 38. Kf1 Qxh3+ 39. Kg1 Qg3+
40. Kf1 Qh3+ 0-1

[Event "Aarhus-A"]
[Site "Aarhus"]
[Date "1996.??.??"]
[Round "5"]
[White "Rewitz, Poul"]
[Black "Pedersen, Jan"]
[Result "0-1"]
[WhiteElo "2305"]
[BlackElo "2335"]
[PlyCount "66"]
[EventDate "1996.??.??"]
[EventType "tourn"]
[EventRounds "7"]
[EventCountry "DEN"]
[EventCategory "3"]
[SourceTitle "EXT 1998"]
[Source "ChessBase"]
[SourceDate "1997.11.17"]

1. e3 g6 2. f4 Bg7 3. Nf3 Nf6 4. Be2 O-O 5. O-O d5 6. b4 Ne4 7. c3 c6 8. a4 Bg4
9. Qc2 Nd7 10. Bb2 e5 11. d3 Nd6 12. fxe5 Nf5 13. Bc1 Bxf3 14. gxf3 Nxe5 15. e4
dxe4 16. fxe4 Nd4 17. cxd4 Qxd4+ 18. Kh1 Qxa1 19. Bb2 Qa2 20. d4 Ng4 21. Bxg4
Bxd4 22. Nc3 Qc4 23. Rd1 Rad8 24. Be2 Qxb4 25. Rb1 Qc5 26. Qb3 Qe5 27. Bc4 Rd7
28. Rf1 Kg7 29. Ba3 Bxc3 30. Bxf8+ Kxf8 31. Rxf7+ Rxf7 32. Bxf7 Qxe4+ 33. Kg1
Bd4+ 0-1

[Event "Aarhus-A"]
[Site "Aarhus"]
[Date "1996.??.??"]
[Round "3"]
[White "Rewitz, Poul"]
[Black "Ochsner, Thomas"]
[Result "1/2-1/2"]
[WhiteElo "2305"]
[BlackElo "2300"]
[PlyCount "135"]
[EventDate "1996.??.??"]
[EventType "tourn"]
[EventRounds "7"]
[EventCountry "DEN"]
[EventCategory "3"]
[SourceTitle "EXT 1998"]
[Source "ChessBase"]
[SourceDate "1997.11.17"]

1. g3 Nf6 2. Bg2 d5 3. f4 g6 4. Nf3 Bg7 5. d3 b6 6. O-O Bb7 7. c3 O-O 8. Na3 c5
9. Nc2 Nc6 10. b4 cxb4 11. cxb4 b5 12. Bb2 Qb6+ 13. Kh1 Ng4 14. Bxg7 Kxg7 15.
Qd2 a5 16. Qc3+ Kg8 17. Qc5 Ra6 18. Qxb6 Rxb6 19. a3 Ra8 20. Nd2 e6 21. Nb3
axb4 22. axb4 Rba6 23. Nc5 Rxa1 24. Rxa1 Rxa1+ 25. Nxa1 Bc8 26. Nc2 Kf8 27. e4
Nf6 28. Kg1 Ke7 29. e5 Nd7 30. Nxd7 Bxd7 31. Kf2 f6 32. exf6+ Kxf6 33. d4 Ne7
34. g4 h6 35. h4 h5 36. Bf3 Be8 37. Be2 hxg4 38. Bxg4 Nf5 39. Bxf5 exf5 40. Ne3
Bf7 41. Kg3 Kg7 42. h5 Kh6 43. Kh4 Be6 44. Nd1 Bd7 45. hxg6 Kxg6 46. Nb2 Kh6
47. Nd3 Bc8 48. Ne5 Be6 49. Nc6 Bd7 50. Nd8 Kg6 51. Nb7 Bc8 52. Nc5 Kh6 53. Nd3
Bd7 54. Kh3 Kg7 55. Kg3 Kh7 56. Nf2 Kg7 57. Nd1 Kh7 58. Nc3 Bc6 59. Kh4 Kh6 60.
Ne2 Bd7 61. Nc1 Bc6 62. Nb3 Bb7 63. Na5 Ba8 64. Nb3 Bb7 65. Nc5 Bc8 66. Nd3 Bd7
67. Ne5 Be8 68. Nf3 1/2-1/2

[Event "Aarhus-A"]
[Site "Aarhus"]
[Date "1996.??.??"]
[Round "4"]
[White "Sorensen, Jan"]
[Black "Fries Nielsen, Jens Ove"]
[Result "1/2-1/2"]
[WhiteElo "2390"]
[BlackElo "2420"]
[PlyCount "48"]
[EventDate "1996.??.??"]
[EventType "tourn"]
[EventRounds "7"]
[EventCountry "DEN"]
[EventCategory "3"]
[SourceTitle "EXT 1998"]
[Source "ChessBase"]
[SourceDate "1997.11.17"]

1. e4 g6 2. d4 Bg7 3. Nc3 c6 4. Be3 Qb6 5. Rb1 d6 6. f4 f5 7. e5 Nh6 8. Nf3 d5
9. Be2 Nd7 10. Qd2 Nf8 11. Na4 Qc7 12. b3 Ne6 13. c4 O-O 14. h3 Qd8 15. Rc1 Nc7
16. Rg1 Kh8 17. Bf2 dxc4 18. Bxc4 b6 19. Nc3 Bb7 20. Bh4 Qd7 21. Kf2 e6 22.
Rgd1 Ng8 23. Rb1 Ne7 24. Kg1 h6 1/2-1/2

[Event "Aarhus-A"]
[Site "Aarhus"]
[Date "1996.??.??"]
[Round "6"]
[White "Sorensen, Jan"]
[Black "Ochsner, Thomas"]
[Result "1-0"]
[WhiteElo "2390"]
[BlackElo "2300"]
[PlyCount "75"]
[EventDate "1996.??.??"]
[EventType "tourn"]
[EventRounds "7"]
[EventCountry "DEN"]
[EventCategory "3"]
[SourceTitle "EXT 1998"]
[Source "ChessBase"]
[SourceDate "1997.11.17"]

1. e4 e5 2. f4 exf4 3. Bc4 Qh4+ 4. Kf1 d6 5. d4 Nf6 6. Nf3 Qh5 7. Nc3 Be7 8. e5
dxe5 9. dxe5 Ng4 10. Nd5 Bd8 11. Nxf4 Qf5 12. Bd3 Qd7 13. h3 Nh6 14. Qe1 O-O
15. Nh5 Nf5 16. Bd2 Nc6 17. Bc3 Be7 18. Qe4 Qe6 19. g4 Qh6 20. gxf5 Qxh5 21.
Qg4 Qxg4 22. hxg4 Bb4 23. Kf2 Bxc3 24. bxc3 Re8 25. Rae1 a5 26. Kg3 a4 27. a3
Ra5 28. Kf4 Rc5 29. Rh4 h6 30. c4 Bd7 31. Rh2 Na5 32. g5 hxg5+ 33. Nxg5 Bc6 34.
Re3 f6 35. exf6 gxf6 36. Ne6 Kf7 37. Rh7+ Kg8 38. Rg7+ 1-0